000 00306nam a22001337a 4500
008 181217b xxu||||| |||| 00| 0 eng d
020 _a9781119298274
041 _aeng
080 _a004
100 _a36
101 _ashk
245 _aMicrosoft Official Academic Course
_cRichie.G.D
942 _2udc
_cBK
999 _c53243
_d53243